00439nam a2200157Ia 4500001000500000005001700005008004100022041000800063082001600071100003800087245010300125260000900228300002800237650000800265654000800273448520260306145759.0260306t2009||||xx |||||||||||||| ||spa|| aESP a323.1bR76G aRodríguez Rescia, VíctoreAUT 0aCasos hipotéticos para el estudio y capacitación en derechos humanos:bGuía para el profesor c2009 a105 páginas :c28 cm. aGEN aCHU